000 00504nam a22001577a 4500
005 20240919134032.0
008 240827b |||||||| |||| 00| 0 eng d
041 _aEnglish
082 _a340.5 VOE
100 _lEnglish
245 _aThe Selective Voet being the Commentary on the Pandects
_ctranslated by / P Gane
260 _aLondon:
_bButterworth and Company Ltd,
_c1955
300 _bxxi, 771 pages;
_c26 cm.
650 _aLegal practice
_bLaw
942 _cBK
_6ALISON_BN_VRIES
999 _c2847
_d2847